Optimalizácia variabilného časovania ventilov zážihového motora so zdvihovým objemom 2 l

Saved in:
Bibliographic Details
Main Author: Kolpaková, Barbora (Author)
Other Authors: Petrák, Peter (Thesis advisor)
Format: Manuscript Book
Language:Slovak
Published: 2024
Subjects:
Online Access:http://is.stuba.sk/zp/portal_zp.pl?podrobnosti=178217
Tags: Add Tag
No Tags, Be the first to tag this record!

MARC

LEADER 00000ntm a22000003a 4500
001 stuzp99594
003 SK-STU
005 20250225100901.2
007 ta
008 150427s2015----xo-----f-mn---000-0-slo-d
040 |a STU  |b slo 
041 0 |a slo 
100 1 |a Kolpaková, Barbora  |u 020030  |4 aut  |U SjF Strojnícka fakulta  |T SjF Ústav automobilového inžinierstva a konštruovania  |X 103975  |U J0030  |Y 806  |7 103975 
242 0 1 |a Optimization of the variable valve timing of a spark-ignition engine with a displacement of 2 l  |y eng 
245 1 0 |a Optimalizácia variabilného časovania ventilov zážihového motora so zdvihovým objemom 2 l 
260 |c 2024 
650 4 |a Variabilné trvanie otvorenia ventilov  |2 slo 
650 4 |a Fázovanie  |2 slo 
650 4 |a Sací ventil  |2 slo 
650 4 |a Variabilné časovanie ventilov  |2 slo 
650 4 |a Výfukový ventil  |2 slo 
650 4 |a Exhaust valve  |2 eng 
650 4 |a Variable valve timing  |2 eng 
650 4 |a Intake valve  |2 eng 
650 4 |a Variable valve duration  |2 eng 
650 4 |a Phasing  |2 eng 
700 1 |a Petrák, Peter  |u 020030  |k Z1  |4 ths  |U SjF Strojnícka fakulta  |T SjF Ústav automobilového inžinierstva a konštruovania  |X 2414  |U J0030  |Y 806  |7 A000002414 
856 4 |u http://is.stuba.sk/zp/portal_zp.pl?podrobnosti=178217 
996 |b 284J047697  |c J* 3793/DDP  |l JJSK  |s A  |a 24  |w stuzp99594_0001